00459nam a22001457a 4500003000500000005001700005008004100022050002400063100001800087245007900105260004200184300004100226500002000267650002600287PILC20150826092544.0150826b xxu||||| |||| 00| 0 eng d aTR 267 b.G258 2006 aGatenby, Jim. aDigital photography and computing for the older generation /cJim Gatenby. aEngland :bBernard Babani LTD,c2006. a198 pages :billustrations ;c20 cm. aIncludes index. aDigital photography.